2nd Largest city in each European Country - Statistics

General Stats
  • This quiz has been taken 82 times
  • The average score is 27 of 44
Answer Stats
Hint Answer % Correct
Italy Milan
98%
Netherlands Rotterdam
98%
Spain Barcelona
97%
France Marseille
97%
Russia St Petersburg
97%
Germany Hamburg
95%
Portugal Porto
93%
Belgium Antwerp
89%
United Kingom Birmingham
89%
Poland Krakow
87%
Ireland Cork
85%
Switzerland Geneva
85%
Sweden Gothenburg
85%
Norway Bergen
84%
Croatia Split
82%
Greece Thessaloniki
82%
Austria Graz
75%
Denmark Aarhus
72%
Czech Republic Brno
72%
Ukraine Kharkiv
70%
Bulgaria Plovdiv
69%
Lithuania Kaunas
67%
Serbia Novi Sad
64%
Albania Durres
56%
Slovakia Kosice
54%
Bosnia and Herzegovina Banja Luka
51%
Finland Espoo
51%
Slovenia Maribor
51%
Estonia Tartu
51%
Liechtenstein Vaduz
51%
Belarus Gomel
46%
Hungary Debrecen
43%
Cyprus Limassol
41%
Latvia Daugavpils
39%
Romania Iasi
36%
Kosovo Prizren
30%
Moldova Balti
26%
North Macedonia Bitola
25%
Montenegro Niksic
23%
Luxembourg Esch sur Alzette
15%
Iceland Kopavogur
11%
Malta Birkirkara
7%
San Marino Borgo Maggiore
7%
Andorra Les Escaldes
7%
No matching quizzes found
Score Distribution
Percent of People with Each Score
Percentile by Number Answered
Your Score History
You have not taken this quiz